Bài tập Ngữ văn 9

Sách tiếp sách bài tập ngữ văn 9 tập một.Nội dung gồm các bài tập ngữ pháp trong tiếng Việt và các gợi ý để viết bài văn nghị luận văn học.

Spremljeno u:
Bibliografski detalji
Format: Knjiga
Jezik:Undetermined
Izdano: Hà Nội Giáo dục 2010
Teme:
Oznake: Dodaj oznaku
Bez oznaka, Budi prvi tko označuje ovaj zapis!
Thư viện lưu trữ: Trung tâm Học liệu Trường Đại học Cần Thơ
LEADER 00822nam a2200205Ia 4500
001 CTU_158086
008 210402s9999 xx 000 0 und d
020 |c 4800 
082 |a 495.9220712 
082 |b B103/T.2/L.9 
245 0 |a Bài tập Ngữ văn 9 
245 0 |c Nguyễn Khắc Phi, ... [et. al] 
260 |a Hà Nội 
260 |b Giáo dục 
260 |c 2010 
520 |a Sách tiếp sách bài tập ngữ văn 9 tập một.Nội dung gồm các bài tập ngữ pháp trong tiếng Việt và các gợi ý để viết bài văn nghị luận văn học. 
650 |a Literature 
650 |x Study and teaching (Secondary) 
904 |i Phan Thị Kim Lan (Đào Thị Bé Ba) 
980 |a Trung tâm Học liệu Trường Đại học Cần Thơ